<?xml version="1.0" encoding="UTF-8"?>
<collection xmlns="http://www.loc.gov/MARC21/slim">
 <record>
  <leader>01477oam2a2200289   4500</leader>
  <controlfield tag="001">in00000004879</controlfield>
  <controlfield tag="005">20240428105112.1</controlfield>
  <datafield tag="010" ind1=" " ind2=" ">
   <subfield code="a">978-7-5447-4226-9</subfield>
   <subfield code="d">CNY58.00</subfield>
  </datafield>
  <datafield tag="035" ind1=" " ind2=" ">
   <subfield code="a">007402487</subfield>
  </datafield>
  <datafield tag="100" ind1=" " ind2=" ">
   <subfield code="a">20140917d2014    em y0chiy50      ea</subfield>
  </datafield>
  <datafield tag="101" ind1="1" ind2=" ">
   <subfield code="a">chi</subfield>
   <subfield code="c">eng</subfield>
  </datafield>
  <datafield tag="102" ind1=" " ind2=" ">
   <subfield code="a">CN</subfield>
   <subfield code="b">320000</subfield>
  </datafield>
  <datafield tag="105" ind1=" " ind2=" ">
   <subfield code="a">y   z   001yy</subfield>
  </datafield>
  <datafield tag="106" ind1=" " ind2=" ">
   <subfield code="a">r</subfield>
  </datafield>
  <datafield tag="200" ind1="1" ind2=" ">
   <subfield code="a">文化的解释</subfield>
   <subfield code="9">wen hua de jie shi</subfield>
   <subfield code="d">The interpretation of cultures</subfield>
   <subfield code="f">(美)克利福德·格尔茨(Clifford Geertz)著</subfield>
   <subfield code="g">韩莉译</subfield>
   <subfield code="z">eng</subfield>
  </datafield>
  <datafield tag="210" ind1=" " ind2=" ">
   <subfield code="a">南京</subfield>
   <subfield code="c">译林出版社</subfield>
   <subfield code="d">2014</subfield>
  </datafield>
  <datafield tag="215" ind1=" " ind2=" ">
   <subfield code="a">572页</subfield>
   <subfield code="d">21cm</subfield>
  </datafield>
  <datafield tag="225" ind1="2" ind2=" ">
   <subfield code="a">人文与社会译丛</subfield>
  </datafield>
  <datafield tag="330" ind1=" " ind2=" ">
   <subfield code="a">本书是克利福德·格尔茨文化人类学研究论文的精选集。格尔茨在书中全面梳理了文化人类学研究领域里的误区，对文化的概念、文化与宗教以及文化与意识形态等的关系进行了详实的研究。所有的论文基本上都是通过从一个又一个案例中提出的一个个独特观点，来阐明什么是文化，文化在社会生活中扮演了什么样的角色，以及文化研究应该采取什么样的恰当方法等问题。</subfield>
  </datafield>
  <datafield tag="461" ind1=" " ind2="0">
   <subfield code="1">2001 </subfield>
   <subfield code="a">人文与社会译丛</subfield>
  </datafield>
  <datafield tag="510" ind1="1" ind2=" ">
   <subfield code="a">Interpretation of cultures</subfield>
   <subfield code="z">eng</subfield>
  </datafield>
  <datafield tag="606" ind1="0" ind2=" ">
   <subfield code="a">文化人类学</subfield>
   <subfield code="j">文集</subfield>
  </datafield>
  <datafield tag="606" ind1="0" ind2=" ">
   <subfield code="a">文化人类学</subfield>
  </datafield>
  <datafield tag="690" ind1=" " ind2=" ">
   <subfield code="a">C912.4-53</subfield>
   <subfield code="v">5</subfield>
  </datafield>
  <datafield tag="701" ind1=" " ind2="0">
   <subfield code="c">(美)</subfield>
   <subfield code="a">格尔茨</subfield>
   <subfield code="9">ge er ci</subfield>
   <subfield code="c">(Geertz Clifford</subfield>
   <subfield code="f">1926-2006)</subfield>
   <subfield code="4">著</subfield>
  </datafield>
  <datafield tag="702" ind1=" " ind2="0">
   <subfield code="a">韩莉</subfield>
   <subfield code="9">han li</subfield>
   <subfield code="4">译</subfield>
  </datafield>
  <datafield tag="999" ind1="f" ind2="f">
   <subfield code="s">acdaa48b-4b82-46c1-b5bb-afc4fdf9541f</subfield>
   <subfield code="i">35693fb1-1318-4bc3-a702-6235541ebd45</subfield>
  </datafield>
 </record>
</collection>
